| 000 | 01143nam a2200289Ia 4500 | ||
|---|---|---|---|
| 001 | ebr10288378 | ||
| 003 | CaPaEBR | ||
| 006 | m u | ||
| 007 | cr cn||||||||| | ||
| 008 | 080902s2009 enk sb 001 0 eng d | ||
| 020 | _z9780199552047 (hbk.) | ||
| 020 | _z0199552045 (hbk.) | ||
| 040 |
_aCaPaEBR _cCaPaEBR |
||
| 035 | _a(OCoLC)373185464 | ||
| 050 | 1 | 4 |
_aQH375 _b.G63 2009eb |
| 100 | 1 | _aGodfrey-Smith, Peter. | |
| 245 | 1 | 0 |
_aDarwinian populations and natural selection _h[electronic resource] / _cPeter Godfrey-Smith. |
| 260 |
_aOxford ; _aNew York : _bOxford University Press, _c2009. |
||
| 300 | _aviii, 207 p. | ||
| 504 | _aIncludes bibliographical references (p. 185-201) and index. | ||
| 533 |
_aElectronic reproduction. _bPalo Alto, Calif. : _cebrary, _d2009. _nAvailable via World Wide Web. _nAccess may be limited to ebrary affiliated libraries. |
||
| 650 | 0 | _aNatural selection. | |
| 650 | 0 | _aEvolution (Biology) | |
| 655 | 7 |
_aElectronic books. _2local |
|
| 710 | 2 | _aebrary, Inc. | |
| 856 | 4 | 0 |
_uhttp://site.ebrary.com/lib/rucke/Doc?id=10288378 _zAn electronic book accessible through the World Wide Web; click to view |
| 999 |
_c1025 _d1025 |
||